[Event "AUTO-INT-1088"]
[Site "http://www.queenalice.com/game.php?id=486314"]
[Date "2008.11.1"]
[Round "1"]
[White "BrunoSousa"]
[Black "Morientes"]
[Result "0-1"]
[WhiteElo "1331"]
[BlackElo "1470"]

1. d4 d5 2. Nf3 Nc6 3. g3 Nf6 4. Bg5 e6 5. Bg2 Bb4+ 6. c3 Ba5 7. O-O O-O 8. a3
b6 9. Nbd2 b5 10. b4 Bb6 11. e4 h6 12. Be3 dxe4 13. Ne1 a5 0-1

[Event "AUTO-INT-1088"]
[Site "http://www.queenalice.com/game.php?id=486315"]
[Date "2008.11.1"]
[Round "1"]
[White "Morientes"]
[Black "BrunoSousa"]
[Result "1-0"]
[WhiteElo "1480"]
[BlackElo "1321"]

1. e4 d6 2. Nc3 Nf6 3. Nf3 Bg4 4. Bb5+ c6 5. Be2 g6 6. O-O Bg7 7. h3 Bxf3 8.
Bxf3 O-O 9. d3 d5 10. exd5 cxd5 11. Bf4 g5 12. Bxb8 Qxb8 13. Nxd5 Nxd5 14. Bxd5
Bxb2 15. Rb1 1-0

[Event "QA-ANNIV-05"]
[Site "http://www.queenalice.com/game.php?id=604123"]
[Date "2009.6.15"]
[Round "1"]
[White "BrunoSousa"]
[Black "axedre"]
[Result "0-1"]
[WhiteElo "1307"]
[BlackElo "2020"]

1. d4 d5 2. Nf3 Nf6 3. Bg5 e6 4. g3 Bb4+ 5. c3 Ba5 6. Bg2 Nc6 7. O-O O-O 8. Ne5
h6 9. Bxf6 Qxf6 10. Ng4 Qe7 0-1

[Event "Challenge"]
[Site "http://www.queenalice.com/game.php?id=607599"]
[Date "2009.6.23"]
[Round "-"]
[White "BrunoSousa"]
[Black "schwam"]
[Result "0-1"]
[WhiteElo "1303"]
[BlackElo "1934"]

1. d4 Nf6 2. Nf3 g6 3. g3 Bg7 4. Bg2 O-O 5. O-O d6 6. Bg5 Nbd7 7. c4 h6 8. Be3
Ng4 9. Nc3 Nb6 10. c5 dxc5 11. dxc5 Nc4 0-1

[Event "Challenge"]
[Site "http://www.queenalice.com/game.php?id=607601"]
[Date "2009.6.23"]
[Round "-"]
[White "schwam"]
[Black "BrunoSousa"]
[Result "1-0"]
[WhiteElo "1932"]
[BlackElo "1305"]

1. e4 d6 2. d4 Nf6 3. Nc3 g6 4. f4 Bg4 5. Be2 Bxe2 6. Qxe2 Bg7 7. Be3 O-O 8.
O-O-O b6 9. e5 dxe5 10. dxe5 Nfd7 11. Nf3 1-0

[Event "AUTO-INT-1739"]
[Site "http://www.queenalice.com/game.php?id=795449"]
[Date "2010.6.26"]
[Round "1"]
[White "elpiada"]
[Black "BrunoSousa"]
[Result "1-0"]
[WhiteElo "1389"]
[BlackElo "1297"]

1. c4 d6 2. e3 c5 3. Be2 Nc6 4. Nc3 Bd7 5. Ne4 Qc7 6. Nf3 O-O-O 7. Neg5 Nh6 8.
a3 f6 9. Ne4 g5 10. b4 cxb4 11. axb4 Bg7 12. Bb2 a5 13. b5 Nb4 14. Bc3 e5 15.
Bxb4 1-0

[Event "AUTO-INT-1739"]
[Site "http://www.queenalice.com/game.php?id=795450"]
[Date "2010.6.26"]
[Round "1"]
[White "BrunoSousa"]
[Black "elpiada"]
[Result "1-0"]
[WhiteElo "1331"]
[BlackElo "1486"]

1. d4 c5 2. Nf3 e6 3. Bg5 Be7 4. Bxe7 Nxe7 5. g3 Nbc6 6. Bg2 Nf5 7. O-O Qf6 8.
c3 cxd4 9. cxd4 Ncxd4 10. Nxd4 Nxd4 11. e3 Nc6 12. Bxc6 bxc6 13. Qc2 Rb8 14. Nc3
Ba6 15. Rfd1 d5 16. Ne4 dxe4 17. Qxc6+ Ke7 18. Rd2 Bc8 19. Qd6+ Ke8 20. Qxb8 Qe7
21. Qxc8+ Qd8 22. Qxd8# 1-0

[Event "AUTO-INT-1739"]
[Site "http://www.queenalice.com/game.php?id=795462"]
[Date "2010.6.26"]
[Round "1"]
[White "BrunoSousa"]
[Black "jailsonjr"]
[Result "0-1"]
[WhiteElo "1362"]
[BlackElo "1689"]

1. d4 d5 2. Nf3 Bf5 3. g3 Nc6 4. Bg2 e6 5. O-O Nb4 6. Na3 h6 7. c3 Nc6 8. Bf4 g5
9. Be3 Bxa3 10. bxa3 Nf6 11. h4 Ng4 12. hxg5 hxg5 13. Bxg5 f6 14. Bh4 Qe7 15. a4
Na5 0-1

[Event "AUTO-INT-1739"]
[Site "http://www.queenalice.com/game.php?id=795469"]
[Date "2010.6.26"]
[Round "1"]
[White "BrunoSousa"]
[Black "McKubik"]
[Result "1-0"]
[WhiteElo "1353"]
[BlackElo "1251"]

1. d4 Nc6 2. Nf3 Nf6 3. Bg5 Ne4 4. g3 d5 5. Bg2 Nb4 6. b3 Qd6 7. Bf4 Qc6 8. Na3
Bf5 9. Rc1 Nxa2 10. Ne5 Qc3+ 11. Bd2 Nxd2 12. Qxd2 Qxd2+ 13. Kxd2 O-O-O 14. Nxf7
Rd6 15. Nxd6+ exd6 16. Ra1 Nb4 17. Kc3 Na6 18. Bxd5 c6 19. Bc4 Nc7 20. h4 b5 21.
Bd3 Nd5+ 22. Kb2 Bxd3 23. exd3 g6 24. c4 bxc4 25. Nxc4 Bh6 26. Nxd6+ Kd7 27. Nf7
Rf8 28. Nxh6 Rxf2+ 29. Kc1 Nc3 30. Rxa7+ Kd6 31. Nf7+ Ke6 32. Nd8+ Kd5 33. Rf7
Re2 34. Rd7# 1-0

[Event "AUTO-INT-1739"]
[Site "http://www.queenalice.com/game.php?id=795470"]
[Date "2010.6.26"]
[Round "1"]
[White "McKubik"]
[Black "BrunoSousa"]
[Result "1-0"]
[WhiteElo "1261"]
[BlackElo "1365"]

1. e4 d6 2. Qh5 Nf6 3. Qb5+ Qd7 4. Qb3 g6 5. Nc3 Bg7 6. d3 O-O 7. Bf4 c5 8. Nb5
Nc6 9. Nf3 Na5 10. Qa4 b6 11. h3 Nh5 12. Bg5 Bxb2 13. Rb1 Bf6 14. Bh6 Ng7 15. c3
Nc6 16. Qc4 Na5 17. Qd5 Bb7 18. Qxb7 Nxb7 19. c4 a6 20. Na3 Qa4 21. Rxb6 Qa5+
22. Nd2 Qxb6 23. Be2 Bc3 24. O-O Bxd2 25. Bxd2 Qb2 26. Nb1 Qxa2 27. Re1 Na5 28.
Bxa5 Ne6 29. Bb6 Nd4 30. Nc3 Nxe2+ 31. Rxe2 Qa1+ 32. Kh2 Qxc3 33. Re3 Rab8 34.
Bc7 1-0

[Event "AUTO-OPEN-2021"]
[Site "http://www.queenalice.com/game.php?id=795606"]
[Date "2010.6.27"]
[Round "1"]
[White "Lopesq"]
[Black "BrunoSousa"]
[Result "1-0"]
[WhiteElo "1770"]
[BlackElo "1337"]

1. d4 d5 2. Bf4 Nf6 3. c3 g6 4. Nf3 Bg7 5. Nbd2 O-O 6. e3 b6 7. Be2 c5 8. O-O
Nc6 9. Bb5 Na5 10. b3 Bg4 11. Be2 cxd4 12. Nxd4 Bxe2 13. Nxe2 Nc6 14. Nf3 Ne4
15. h3 Nxc3 16. Nxc3 Bxc3 17. Rb1 e5 18. Bh2 f6 19. a3 Qd6 20. b4 d4 21. exd4
Nxd4 22. Nxd4 Bxd4 23. Qb3+ Kg7 24. Rbd1 a5 25. b5 a4 26. Qf3 Ra5 27. Qd3 Qc5
28. Bg3 Rxb5 29. Rc1 Qd6 30. Qxb5 1-0

[Event "AUTO-OPEN-2021"]
[Site "http://www.queenalice.com/game.php?id=795607"]
[Date "2010.6.27"]
[Round "1"]
[White "BrunoSousa"]
[Black "Lopesq"]
[Result "0-1"]
[WhiteElo "1283"]
[BlackElo "1778"]

1. d4 d5 2. Nf3 Bf5 3. g3 e6 4. Bg2 Be7 5. O-O c6 6. b3 Nd7 7. c4 Bf6 8. Nc3 Ne7
9. Bg5 Ng6 10. Bxf6 Nxf6 11. cxd5 exd5 12. Ne5 O-O 13. Nxg6 Bxg6 14. Na4 b6 15.
Rc1 Rc8 16. e3 Qe8 17. Qf3 Be4 18. Qf4 Bxg2 19. Kxg2 Qe4+ 20. Qxe4 Nxe4 21. Nc3
Nd6 22. f4 Nf5 23. e4 Ne3+ 24. Kf3 Nxf1 25. Rxf1 dxe4+ 26. Nxe4 Rcd8 27. Rd1 f5
28. Ng5 Rfe8 29. Rd3 h6 30. Nh3 Rd5 0-1

[Event "AUTO-OPEN-2021"]
[Site "http://www.queenalice.com/game.php?id=795622"]
[Date "2010.6.27"]
[Round "1"]
[White "BrunoSousa"]
[Black "jailsonjr"]
[Result "0-1"]
[WhiteElo "1359"]
[BlackElo "1692"]

1. d4 d5 2. Nf3 Bf5 3. g3 Nc6 4. Bg2 e6 5. O-O Nb4 6. Na3 h6 7. c3 Nc6 8. Bf4
Nf6 9. Ne5 Bxa3 10. Nxc6 bxc6 11. bxa3 O-O 12. e3 Ne4 13. Bxe4 Bxe4 14. f3 Bg6
15. Be5 f6 16. Bf4 Rb8 0-1

[Event "AUTO-OPEN-2021"]
[Site "http://www.queenalice.com/game.php?id=795623"]
[Date "2010.6.27"]
[Round "1"]
[White "jailsonjr"]
[Black "BrunoSousa"]
[Result "1-0"]
[WhiteElo "1687"]
[BlackElo "1345"]

1. e4 d6 2. Nf3 Nf6 3. e5 dxe5 4. Nxe5 g6 5. Nc3 Bg7 6. h3 O-O 7. Bc4 e6 8. O-O
Qd4 9. Qe2 Nd5 10. Bxd5 Bxe5 11. Bc4 c6 12. d3 Qd6 13. Ne4 f5 14. Nxd6 1-0

[Event "AUTO-OPEN-2022"]
[Site "http://www.queenalice.com/game.php?id=795847"]
[Date "2010.6.27"]
[Round "1"]
[White "BrunoSousa"]
[Black "pedepano"]
[Result "0-1"]
[WhiteElo "1335"]
[BlackElo "2123"]

1. d4 d5 2. Nf3 Nf6 3. g3 Bf5 4. Bg2 e6 5. O-O Nc6 6. Bg5 h6 7. Bf4 Bd6 8. Bxd6
Qxd6 9. b3 O-O 10. c4 Ne4 11. cxd5 exd5 12. Nh4 Bh7 13. Nf3 a5 14. Qe1 Rfe8 15.
e3 Nb4 16. Nfd2 Nc2 0-1

[Event "AUTO-OPEN-2022"]
[Site "http://www.queenalice.com/game.php?id=795849"]
[Date "2010.6.27"]
[Round "1"]
[White "BrunoSousa"]
[Black "andreavb"]
[Result "0-1"]
[WhiteElo "1299"]
[BlackElo "2141"]

1. d4 Nf6 2. Nf3 d6 3. g3 Nbd7 4. Bg2 e5 5. Bg5 Be7 6. dxe5 dxe5 7. c4 c6 8. Nc3
O-O 9. O-O Qc7 10. b3 h6 11. Be3 Rd8 12. a4 Nc5 13. Qc2 Bg4 14. Bxc5 Bxc5 15.
Ne4 Nxe4 16. Qxe4 f5 17. Qxe5 Qxe5 18. Nxe5 Bxe2 19. Rfe1 Rd2 20. Bf1 Bd4 21.
Rxe2 Rxe2 22. Bxe2 Bxa1 23. Ng6 Re8 0-1

[Event "AUTO-OPEN-2022"]
[Site "http://www.queenalice.com/game.php?id=795850"]
[Date "2010.6.27"]
[Round "1"]
[White "andreavb"]
[Black "BrunoSousa"]
[Result "1-0"]
[WhiteElo "2138"]
[BlackElo "1301"]

1. e4 d6 2. Nc3 Nf6 3. Bc4 Bg4 4. Nf3 g6 5. O-O Bg7 6. h3 Be6 7. Bxe6 fxe6 8. d4
O-O 9. Bg5 d5 10. Re1 b6 11. exd5 exd5 12. Qe2 c5 13. dxc5 bxc5 14. Qxe7 Qxe7
15. Rxe7 Nc6 16. Rc7 Ne4 17. Rxc6 Bxc3 18. bxc3 Nxc3 19. Rxc5 1-0